000 00219nam a22000857a 4500
008 160705b xxu||||| |||| 00| 0 eng d
100 _92120
_a Nayaj, A.K
245 _aTeaching of Physics
260 _aNew Delhi
_b A.P.H.
_c2004
999 _c1814
_d1814